Señoreaje, impuesto inflación, convertibilidad y dolarización de derecho (Registro nro. 25562)
[ vista simple ]
| 000 -LEADER | |
|---|---|
| fixed length control field | 00360 a2200109 4500 |
| 001 - CONTROL NUMBER | |
| control field | ART_11425 |
| 005 - DATE AND TIME OF LATEST TRANSACTION | |
| control field | 20260410161857.0 |
| 008 - FIXED-LENGTH DATA ELEMENTS--GENERAL INFORMATION | |
| fixed length control field | 260409a |
| 100 1# - MAIN ENTRY--PERSONAL NAME | |
| Personal name | Gastaldi, Santiago |
| 245 10 - TITLE STATEMENT | |
| Title | Señoreaje, impuesto inflación, convertibilidad y dolarización de derecho |
| 773 0# - HOST ITEM ENTRY | |
| Title | Revista de Economía |
| Related parts | - Nº 64 (jul./sep. 1991) |
| Record control number | REV11077 |
No hay ítems disponibles.